Fusions, acquisitions and alliances as a manifestation of globalisation

Saved in:
Bibliographic Details
Main Author: Gofusová, Katarína, 1977-
Format: Book Chapter
Language:English
Tags: Add Tag
No Tags, Be the first to tag this record!

MARC

LEADER 00000naa$a2200000$$$4500
001 0142816
005 20240502072547.6
041 0 |a eng 
044 |a SK 
245 1 0 |a Fusions, acquisitions and alliances as a manifestation of globalisation  |c Katarína Gofusová 
100 1 |a Gofusová, Katarína, 1977-